000 00455nam a22001697a 4500
003 NUST - PNEC
005 20170116181003.0
008 150912b xxu||||| |||| 00| 0 eng d
020 _a0333630394
040 _cLIBRARY
082 _a 621.3815 SHE
100 _99613
_aShepherd, Peter
245 _aIntegrated circuit design, fabrication, and test
_cPeter Shepherd
260 _cc.1996
650 _99611
_aElectrical engineering
_xEE
942 _2ddc
_cBK
999 _c66770
_d66770